000 00310nam a22001337a 4500
008 180807b xxu||||| |||| 00| 0 eng d
082 _a813.52
245 _aLippincott's Review for NCLEX-RN
_cLIPPINCOTT'S
260 _c1998
300 _a1
_fFLOPY
440 _xKT7E03C2
760 _b6 th
942 _2ddc
_cMX
999 _c46930
_d46930